000 01526nam a22004097a 4500
003 CHAP
005 20220817044035.0
008 050819s2004 mx r 00010 spa d
010 _a90722
011 _a91694
020 _a9688385654
035 _a102255
040 _cCHAP
090 _aFolleto 17005
100 0 0 _aAguirre Dugua, Maribel.
_92975
245 1 2 _aA un año de distancia :
_bel bienestar de las niñas, niños y adolescentes
_c/por Maribel Aguirre Dugua, Karla Gallo Campos y Jesús López Macedo
260 _aMéxico :
_bSEDESOL,
_c2004
300 _a31 p. :
_bgráfs.
490 0 _aCuadernos de desarrollo humano
_v, 14
500 _aEn portada : Un México Apropiado para la Infancia y la Adolescencia. Programa de Acción 2002-2012.
590 _aBATCH-UPD
_b10
_c20130110
_lUCH01
_h0344
590 _aBATCH-UPD
_b10
_c20130110
_lUCH01
_h1907
590 _aBATCH-UPD
_b10
_c20130410
_lUCH01
_h0017
590 _aBATCH-UPD
_b10
_c20130410
_lUCH01
_h1628
590 _aBATCH-UPD
_b10
_c20130913
_lUCH01
_h2317
590 _aCONVERSION
_b10
_c20130109
_lUCH01
_h1350
650 1 4 _aMéxico
_xCondiciones sociales.
_976730
650 1 4 _aPolítica social
_zMéxico.
700 0 _aGallo Campos, Karla.
_944450
700 0 _aLópez Macedo, Jesús.
_968067
710 0 _aMéxico. Secretaría de Desarrollo Social.
830 0 0 _aCuadernos de desarrollo humano
_v, 14
_929763
901 _aBK
905 _aMarco A. Mendoza T.
942 _cFOLL
949 _aFolleto 17005
_bBC
_cFOLL
_d33724002004157
_eTS1
_i102255
_sb
999 _c90722
_d90722